Statistics for One Piece Charters By Picture 1#

Click here to take the quiz!

General Stats

  • This quiz has been taken 952 times
  • The average score is 15 of 16

Answer Stats

Answer% Correct
Luffy
100%
Sanji
100%
Zoro
100%
Chopper
99%
Brook
98%
Nami
98%
Robin
98%
Usopp
98%
Shanks
97%
Franky
96%
Jinbe
95%
Koby
92%
Axe Hand Morgan
80%
Kuro
76%
Helmeppo
75%
Kaya
66%

Score Distribution

Percentile by Number Answered

Percent of People with Each Score

Your Score History

You have not taken this quiz